• 首页
  • 本馆介绍
  • 公告通知
  • 最新文献
  • 馆藏检索
  • 电子资源
  • 读者导购
  • 参考咨询
  • 我的图书馆
  • 登录
  • 详细信息显示
  • 放入我的书架
  • 预约/预借图书
  • 作者相关作品
  • 分类相关作品
  • 丛书相关作品
  • 出版社相关作品

书目信息

  • 表格格式
  • 工作单格式
  • 卡片格式
题名:
全球风险投资发展大趋势
    
 
作者: 肖元真 主编
分册:  
出版信息: 北京   科学出版社  2000
页数: 210页
开本: 19cm
丛书名: 21世纪全球科技与经济发展大趋势丛书
单 册:
中图分类: F831.59
科图分类:
主题词: 风险--研究--世界
电子资源:
ISBN: 7-03-008539-6
000 00685nam0 2200217 45
001 0309211583
005 20031219104115.7
010    @a7-03-008539-6@dCNY16.00
100    @a20030921d2000 km y0chiy0120 ea
101 0  @achi
105    @a z 000yy
200 1  @a全球风险投资发展大趋势@AQuan Qiu Feng Xian Tou Zi Fa Zhan Da Qu Shi@f肖元真主编@FXiao Yuan Zhen Zhu Bian
210    @a北京@c科学出版社@d2000
215    @a210页@d19cm
225    @a21世纪全球科技与经济发展大趋势丛书
410    @12001 @a21世纪全球科技与经济发展大趋势丛书
606 0  @a风险@x研究@y世界
690    @aF831.59@v4
701    @a肖元真@4主编
801    @aCN@bTSTC@c20030921
905    @b325729-731@dF831.59@e12@f3
    
    全球风险投资发展大趋势/肖元真主编.-北京:科学出版社,2000
    210页;19cm.-(21世纪全球科技与经济发展大趋势丛书)
    
    
    ISBN 7-03-008539-6:CNY16.00
    
●
相关链接 在E读中查询图书 在五车中查询图书 在当当中查询图书 在豆瓣中查询图书


正题名:全球风险投资发展大趋势     索取号:F831.59/12         预约/预借

序号 登录号 条形码 馆藏地/架位号 状态 备注
1 0325729   203257297   第一借阅区/ [索取号:F831.59/12] 在馆    
2 0325730   203257304   第一借阅区/ [索取号:F831.59/12] 在馆    
3 0325731   203257313   第一样本阅览室/ [索取号:F831.59/12] 在馆    
唐山师范学院图书馆 欢迎您!
大连网信软件有限公司© 版权所有